000
00293nam a2200109 a 4500
005
20201002044931.0
008
140404s1972 000 spa d
100
_a
Bret-Harte, Francis
_9
71532
245
0
_a
Relatos californianos.
260
_a
Madrid -- Libra,
_c
1972 -- 185 p.
999
_c
43207
_d
43207
040
_a
DO-SdBNP